[Event "CHN-ch U20"]
[Site "Shanghai"]
[Date "2024.02.18"]
[Round "5"]
[White "Sun, Yidi"]
[Black "Su, Yijia"]
[Result "1-0"]
[WhiteElo "2102"]
[BlackElo "1757"]
[PlyCount "89"]
[EventDate "2024.02.16"]
[EventType "swiss"]
[EventRounds "11"]
[EventCountry "CHN"]
[SourceTitle "CB09_2024"]
[SourceDate "2024.02.28"]
[SourceVersion "1"]
[SourceVersionDate "2024.02.28"]
[SourceQuality "1"]

1. e4 c5 2. Nf3 Nc6 3. Bb5 e6 4. 0-0 Nge7 5. Re1 a6 6. Bf1 g6 7. c3 Bg7 8. d4 cxd4 9. cxd4 d5 10. e5 0-0 11. Nc3 f6 12. exf6 Bxf6 13. Bh6 Re8 14. g4 b5 15. Qd2 Bd7 16. Bh3 Nc8 17. Qf4 Bg7 18. Bxg7 Kxg7 19. g5 Rf8 20. Qg3 Rxf3 21. Qxf3 Qxg5+ 22. Kh1 Nxd4 23. Qd3 Qf4 24. Bg2 Nb6 25. Re4 dxe4 26. Qxd4+ e5 27. Qxb6 Rf8 28. Nxe4 Bh3 29. Qe3 Bxg2+ 30. Kxg2 Qg4+ 31. Ng3 Re8 32. Rc1 Re7 33. Rc6 Qd7 34. Qe4 Qb7 35. Rd6 Qa7 36. h4 Qc5 37. Rc6 Qa7 38. h5 Rf7 39. Qxe5+ Kh6 40. Nf5+ Kxh5 41. Nd6+ Kh4 42. Nxf7 Qxf7 43. Qg3+ Kh5 44. Rc5+ Kh6 45. Qh2+ 1-0

[Event "CHN-chB"]
[Site "Qiziwan"]
[Date "2023.02.03"]
[Round "10"]
[White "Sun, Yidi"]
[Black "Jin, Yueheng"]
[Result "1-0"]
[WhiteElo "2087"]
[BlackElo "1900"]
[PlyCount "89"]
[EventDate "2023.01.30"]
[EventType "swiss"]
[EventRounds "11"]
[EventCountry "CHN"]
[SourceTitle "CBM 212 Extra"]
[Source "ChessBase"]
[SourceDate "2023.03.31"]
[SourceVersion "1"]
[SourceVersionDate "2023.03.31"]
[SourceQuality "1"]

1. e4 c6 2. d4 d5 3. e5 Bf5 4. c4 e6 5. Nc3 Nd7 6. a3 Ne7 7. cxd5 Nxd5 8. h4 h6 9. Nxd5 cxd5 10. Bd3 Bxd3 11. Qxd3 Rc8 12. Ne2 h5 13. Bd2 a6 14. Nf4 Be7 15. Qg3 Kf8 16. Qf3 Kg8 17. Nxh5 g6 18. Nf4 Rxh4 19. Ke2 Bf8 20. Qg3 Rxh1 21. Rxh1 Bg7 22. Nd3 Rc2 23. Qh3 Qg5 24. f4 Qf5 25. Qf3 Qe4+ 26. Qxe4 dxe4 27. Nf2 Rxb2 28. Nxe4 Rc2 29. Nc3 Rb2 30. Rc1 Bh6 31. g3 g5 32. Rh1 Kg7 33. Kd3 gxf4 34. gxf4 Nb6 35. Bc1 Rg2 36. Ne4 Nd5 37. f5 Bxc1 38. f6+ Kg6 39. Rxc1 Rg4 40. Rc8 Nf4+ 41. Kc2 Rg2+ 42. Kb3 b5 43. Ra8 Re2 44. Rg8+ Kh5 45. Ng3+ 1-0

[Event "CHN-chB"]
[Site "Qiziwan"]
[Date "2023.02.01"]
[Round "5"]
[White "Sun, Yidi"]
[Black "Jiang, Qinyu"]
[Result "1/2-1/2"]
[WhiteElo "2087"]
[BlackElo "2238"]
[PlyCount "29"]
[EventDate "2023.01.30"]
[EventType "swiss"]
[EventRounds "11"]
[EventCountry "CHN"]
[SourceTitle "CBM 212 Extra"]
[Source "ChessBase"]
[SourceDate "2023.03.31"]
[SourceVersion "1"]
[SourceVersionDate "2023.03.31"]
[SourceQuality "1"]

1. e4 e5 2. Nf3 Nf6 3. d4 Nxe4 4. dxe5 Bc5 5. Bc4 Nxf2 6. Bxf7+ Kxf7 7. Qd5+ Kg6 8. Qxc5 Nxh1 9. Nc3 h6 10. Qd5 Kh7 11. Qe4+ Kg8 12. Qd5+ Kh7 13. Qe4+ Kg8 14. Qd5+ Kh7 15. Qe4+ 1/2-1/2

[Event "Tianjin Binhai Cup 2nd"]
[Site "Tianjin"]
[Date "2020.01.17"]
[Round "8"]
[White "Xu, Nuo"]
[Black "Sun, Yidi"]
[Result "0-1"]
[WhiteElo "1891"]
[BlackElo "2168"]
[PlyCount "70"]
[EventDate "2020.01.13"]
[EventType "swiss"]
[EventRounds "9"]
[EventCountry "CHN"]
[SourceTitle "CBM 194 Extra"]
[Source "ChessBase"]
[SourceDate "2020.03.31"]
[SourceVersion "1"]
[SourceVersionDate "2020.03.31"]
[SourceQuality "1"]

1. e4 c5 2. Nf3 e6 3. c3 d5 4. exd5 Qxd5 5. d4 Nf6 6. Be2 Nc6 7. 0-0 Be7 8. h3 0-0 9. Be3 cxd4 10. Nxd4 Nxd4 11. cxd4 Rd8 12. Nc3 Qa5 13. Qb3 Bd7 14. Bf3 Bc6 15. Bxc6 bxc6 16. Qc4 Rac8 17. Rac1 h6 18. a3 c5 19. dxc5 Bxc5 20. Bxc5 Rxc5 21. Qf4 Rf5 22. Qe3 Re5 23. Qf4 Nh5 24. Qa4 Qb6 25. Rc2 Kh7 26. Rfc1 Rd4 27. Qe8 Rf5 28. Nd1 Nf4 29. Ne3 Rg5 30. Qxf7 Nxh3+ 31. Kh2 Rh4 32. g3 Nxf2+ 33. Kg2 Qxe3 34. Qxf2 Qe4+ 35. Qf3 Rh2+ 0-1

[Event "Tianjin Binhai Cup 2nd"]
[Site "Tianjin"]
[Date "2020.01.14"]
[Round "3"]
[White "Sun, Yidi"]
[Black "He, Ping"]
[Result "1/2-1/2"]
[WhiteElo "2168"]
[BlackElo "1812"]
[PlyCount "99"]
[EventDate "2020.01.13"]
[EventType "swiss"]
[EventRounds "9"]
[EventCountry "CHN"]
[SourceTitle "CBM 194 Extra"]
[Source "ChessBase"]
[SourceDate "2020.03.31"]
[SourceVersion "1"]
[SourceVersionDate "2020.03.31"]
[SourceQuality "1"]

1. e4 d6 2. d4 Nf6 3. Nc3 g6 4. Nf3 Bg7 5. Be2 0-0 6. 0-0 c6 7. Re1 Nbd7 8. a4 e5 9. dxe5 dxe5 10. Qd6 Ne8 11. Qa3 Qc7 12. Be3 Nef6 13. Rad1 Re8 14. Bc4 Nb6 15. Bxb6 axb6 16. Qd6 Qxd6 17. Rxd6 h6 18. h3 Kf8 19. Red1 Nh5 20. b4 Nf4 21. b5 Be6 22. bxc6 bxc6 23. Rxc6 Bxc4 24. Rxc4 Rec8 25. Rxc8+ Rxc8 26. Nd5 Nxd5 27. Rxd5 Rxc2 28. Rd6 Rb2 29. Rc6 Ke7 30. Rc4 Ke6 31. Ne1 Rb1 32. Kf1 Bf8 33. Ke2 Bc5 34. Nd3 Kd6 35. a5 Ra1 36. axb6 Bxb6 37. Rc2 f5 38. exf5 gxf5 39. g4 e4 40. Nf4 Ba5 41. f3 Re1+ 42. Kf2 e3+ 43. Kg3 Rg1+ 44. Rg2 Be1+ 45. Kh2 Rf1 46. Re2 Rxf3 47. Rxe1 Rxf4 48. gxf5 Ke5 49. Rxe3+ Kxf5 50. Kg3 1/2-1/2

[Event "CHN-ch blitz"]
[Site "Shenyang"]
[Date "2019.12.19"]
[Round "8"]
[White "Zhao, Chenxi"]
[Black "Sun, Yidi"]
[Result "1-0"]
[WhiteElo "2227"]
[BlackElo "2168"]
[PlyCount "123"]
[EventDate "2019.12.18"]
[EventType "swiss (blitz)"]
[EventRounds "9"]
[EventCountry "CHN"]
[SourceTitle "CBM 193 Extra"]
[Source "ChessBase"]
[SourceDate "2020.01.31"]
[SourceVersion "1"]
[SourceVersionDate "2020.01.31"]
[SourceQuality "1"]

1. e4 c5 2. Nf3 d6 3. d4 cxd4 4. Qxd4 Nc6 5. Bb5 Bd7 6. Qd3 Nf6 7. c4 g6 8. Nc3 Bg7 9. 0-0 0-0 10. h3 Rc8 11. Be3 a6 12. Bxc6 Bxc6 13. Nd4 Qc7 14. Rac1 Rfe8 15. Rfd1 Nd7 16. b3 Nc5 17. Qb1 Qd7 18. Nde2 Ne6 19. c5 Red8 20. cxd6 exd6 21. Nd4 Nxd4 22. Bxd4 Qe6 23. Bxg7 Kxg7 24. Qd3 Qe5 25. b4 b5 26. a3 Bb7 27. Qe3 Rc4 28. f4 Qe7 29. Rd4 Rdc8 30. Rxc4 Rxc4 31. Re1 Qc7 32. Nd5 Bxd5 33. exd5 Qd7 34. Qd2 Qf5 35. Rf1 Qe4 36. f5 Qd4+ 37. Qxd4+ Rxd4 38. fxg6 hxg6 39. Rc1 Rxd5 40. Rc6 Kf6 41. Rxa6 Ke5 42. Kf2 Rd2+ 43. Kf3 d5 44. Ra5 Rd3+ 45. Ke2 Rg3 46. Kf2 Rb3 47. Ke2 Ke4 48. Rxb5 Rxa3 49. Rb7 Ra2+ 50. Kf1 f5 51. b5 d4 52. b6 d3 53. Re7+ Kf4 54. b7 Rb2 55. Ke1 g5 56. Rd7 Ke3 57. Re7+ Kf4 58. Rd7 Ke3 59. Re7+ Kf4 60. Rd7 Kg3 61. Rxd3+ Kxg2 62. Rd2+ 1-0

[Event "CHN-ch blitz"]
[Site "Shenyang"]
[Date "2019.12.18"]
[Round "3"]
[White "Nie, Xinyang"]
[Black "Sun, Yidi"]
[Result "1-0"]
[WhiteElo "2268"]
[BlackElo "2168"]
[PlyCount "129"]
[EventDate "2019.12.18"]
[EventType "swiss (blitz)"]
[EventRounds "9"]
[EventCountry "CHN"]
[SourceTitle "CBM 193 Extra"]
[Source "ChessBase"]
[SourceDate "2020.01.31"]
[SourceVersion "1"]
[SourceVersionDate "2020.01.31"]
[SourceQuality "1"]

1. c4 Nf6 2. Nf3 e6 3. Nc3 Bb4 4. Qc2 0-0 5. a3 Bxc3 6. Qxc3 d5 7. e3 b6 8. b4 Bb7 9. Bb2 Nbd7 10. cxd5 Bxd5 11. Bb5 c6 12. Bxc6 Rc8 13. b5 Nb8 14. d3 Nxc6 15. bxc6 Bxc6 16. Qd2 Bb5 17. Nd4 Ba6 18. Rd1 Qd7 19. 0-0 Rfd8 20. f4 Nd5 21. Nf3 Ne7 22. Qf2 Ng6 23. h4 h5 24. Rd2 Qa4 25. Rfd1 Qb3 26. Bd4 Bb7 27. Ne5 Nxe5 28. Bxe5 Qxa3 29. Qg3 Qf8 30. e4 f6 31. Bb2 Qf7 32. Qe3 Re8 33. d4 Qg6 34. Re1 Rcd8 35. Rde2 a5 36. Qb3 Rd6 37. f5 Qf7 38. fxe6 Qxe6 39. d5 Qg4 40. Ba3 Rdd8 41. Qxb6 Rb8 42. Bd6 Rbc8 43. Qxb7 a4 44. Qa6 Ra8 45. Qd3 Qd7 46. Ba3 Qg4 47. Qf3 Qxh4 48. d6 Red8 49. Rc1 Qg5 50. Rec2 Qe5 51. Rd1 h4 52. Qf5 Qg3 53. Qf3 Qe5 54. Qd3 Kh7 55. Rc5 Qf4 56. Rh5+ Kg6 57. Rf5 Qg4 58. Rf3 Kf7 59. Qd5+ Qe6 60. Qxe6+ Kxe6 61. Rc3 Rac8 62. Rdc1 Rxc3 63. Rxc3 Rb8 64. Rc7 Rb3 65. Re7# 1-0

[Event "CHN-ch blitz"]
[Site "Shenyang"]
[Date "2019.12.18"]
[Round "1"]
[White "Peng, Xiongjian"]
[Black "Sun, Yidi"]
[Result "1/2-1/2"]
[WhiteElo "2383"]
[BlackElo "2168"]
[PlyCount "122"]
[EventDate "2019.12.18"]
[EventType "swiss (blitz)"]
[EventRounds "9"]
[EventCountry "CHN"]
[SourceTitle "CBM 193 Extra"]
[Source "ChessBase"]
[SourceDate "2020.01.31"]
[SourceVersion "1"]
[SourceVersionDate "2020.01.31"]
[SourceQuality "1"]

1. Nf3 Nf6 2. g3 e6 3. Bg2 d5 4. 0-0 Be7 5. d4 0-0 6. c4 dxc4 7. Ne5 Nc6 8. Bxc6 bxc6 9. Nxc6 Qe8 10. Nxe7+ Qxe7 11. Nc3 c5 12. dxc5 Qxc5 13. Be3 Qc6 14. f3 Bb7 15. Qa4 Rfd8 16. Rfd1 Nd5 17. Qxc6 Bxc6 18. Nxd5 Bxd5 19. Rac1 a6 20. Bb6 Rdb8 21. Bd4 Rc8 22. Kf2 Rab8 23. a3 Rb3 24. Bc3 f5 25. Ke3 Kf7 26. h4 h6 27. Kf4 g6 28. Rd4 Rc7 29. Rd2 Rbb7 30. Be5 Rd7 31. e4 fxe4 32. fxe4 g5+ 33. hxg5 hxg5+ 34. Kxg5 Bxe4 35. Rxd7+ Rxd7 36. Rxc4 Bd3 37. Rc6 a5 38. b3 Rb7 39. Rc3 Be4 40. Kf4 Bd5 41. Rc7+ Rxc7 42. Bxc7 Bxb3 43. Bxa5 Kf6 44. Bc3+ Ke7 45. Be5 Kd7 46. Kg5 Kc6 47. Kf6 Kb7 48. g4 Bc2 49. g5 Ka8 50. Ke7 Kb7 51. Kd6 Ka8 52. Kc7 Bd3 53. Kd6 Bc2 54. Kxe6 Kb7 55. Kd6 Ka8 56. Kc7 Bd3 57. Bd4 Bc2 58. Kb6 Bd3 59. a4 Bc2 60. a5 Bd3 61. Kc7 Bc2 1/2-1/2

[Event "CHN-ch blitz"]
[Site "Shenyang"]
[Date "2019.12.18"]
[Round "5"]
[White "Wang, Shixu B"]
[Black "Sun, Yidi"]
[Result "1-0"]
[WhiteElo "2323"]
[BlackElo "2168"]
[PlyCount "83"]
[EventDate "2019.12.18"]
[EventType "swiss (blitz)"]
[EventRounds "9"]
[EventCountry "CHN"]
[SourceTitle "CBM 193 Extra"]
[Source "ChessBase"]
[SourceDate "2020.01.31"]
[SourceVersion "1"]
[SourceVersionDate "2020.01.31"]
[SourceQuality "1"]

1. d4 Nf6 2. c4 e6 3. Nf3 Bb4+ 4. Bd2 Bxd2+ 5. Qxd2 0-0 6. Nc3 d5 7. Qf4 b6 8. e3 Bb7 9. Be2 Nbd7 10. 0-0 c5 11. Rfd1 Qe7 12. Ne5 cxd4 13. Nxd7 Qxd7 14. Qxd4 Qe7 15. cxd5 Nxd5 16. Ne4 Rfd8 17. Qe5 Rac8 18. Ng3 Qf6 19. Qxf6 Nxf6 20. Rxd8+ Rxd8 21. Rc1 Kf8 22. f3 Ke7 23. Kf2 Nd5 24. e4 Nf4 25. Rc2 Nxe2 26. Nxe2 Rd7 27. Ke3 Ba6 28. Nd4 Bb7 29. b4 e5 30. Nf5+ Kf6 31. Kf2 g6 32. Ne3 Rd4 33. Rc7 Ba6 34. Rxa7 Rd2+ 35. Kg3 Rxa2 36. b5 Re2 37. Nd5+ Kg7 38. bxa6 h5 39. h4 b5 40. Rb7 Ra2 41. a7 Kh6 42. Nc7 1-0

[Event "CHN-ch rapid"]
[Site "Shenyang"]
[Date "2019.12.17"]
[Round "6"]
[White "Sun, Yidi"]
[Black "Huang, Renjie"]
[Result "1-0"]
[WhiteElo "2221"]
[BlackElo "2292"]
[PlyCount "101"]
[EventDate "2019.12.17"]
[EventType "swiss (rapid)"]
[EventRounds "9"]
[EventCountry "CHN"]
[SourceTitle "CBM 193 Extra"]
[Source "ChessBase"]
[SourceDate "2020.01.31"]
[SourceVersion "1"]
[SourceVersionDate "2020.01.31"]
[SourceQuality "1"]

1. e4 c5 2. Nf3 Nc6 3. d4 cxd4 4. Nxd4 g6 5. Nc3 Bg7 6. Be3 Nf6 7. Bc4 0-0 8. Bb3 a5 9. a4 Ng4 10. Nxc6 Nxe3 11. Nxd8 Nxd1 12. Rxd1 Rxd8 13. Nd5 Kf8 14. Nb6 Rb8 15. c3 d6 16. Rd5 Be6 17. Rb5 Bxb3 18. Rxb3 e6 19. Rb5 f5 20. exf5 gxf5 21. 0-0 d5 22. Rxa5 Rd6 23. Rb5 Rbd8 24. a5 d4 25. cxd4 Rxd4 26. b3 Rd3 27. Na4 Bd4 28. Rxb7 Rc8 29. g3 Rd2 30. a6 Ra8 31. Rc1 Rxf2 32. Kh1 Re2 33. Rcc7 Rd8 34. Rd7 Rc8 35. Rbc7 Ke8 36. Re7+ Kf8 37. Rxc8+ Kxe7 38. a7 Bxa7 39. Rc7+ Kd6 40. Rxa7 e5 41. Ra6+ Ke7 42. Nc3 Rd2 43. Ra2 Rd3 44. Rc2 e4 45. Kg2 Ke6 46. b4 Rd4 47. Rb2 Rd3 48. Ne2 Kd6 49. b5 Kc7 50. b6+ Kb7 51. Rb5 1-0

[Event "CHN-ch rapid"]
[Site "Shenyang"]
[Date "2019.12.17"]
[Round "4"]
[White "Zou, Chen"]
[Black "Sun, Yidi"]
[Result "1-0"]
[WhiteElo "2459"]
[BlackElo "2221"]
[PlyCount "61"]
[EventDate "2019.12.17"]
[EventType "swiss (rapid)"]
[EventRounds "9"]
[EventCountry "CHN"]
[SourceTitle "CBM 193 Extra"]
[Source "ChessBase"]
[SourceDate "2020.01.31"]
[SourceVersion "1"]
[SourceVersionDate "2020.01.31"]
[SourceQuality "1"]

1. d4 Nf6 2. c4 e6 3. Nf3 Bb4+ 4. Bd2 Bxd2+ 5. Qxd2 0-0 6. Nc3 d5 7. e3 b6 8. cxd5 exd5 9. Bd3 Bb7 10. Ne5 Nbd7 11. f4 Qe7 12. 0-0 Rfe8 13. Rae1 c6 14. h3 h6 15. g4 Nxe5 16. fxe5 Nh7 17. Qg2 Rad8 18. Rf2 Rf8 19. Ref1 Bc8 20. Ne2 f6 21. Nf4 Qe8 22. Nh5 c5 23. Kh1 cxd4 24. exd4 Qe7 25. Bxh7+ Kxh7 26. exf6 gxf6 27. Rxf6 Rxf6 28. Rxf6 Qe4 29. Rf7+ Kh8 30. Qxe4 dxe4 31. Nf6 1-0

[Event "SCO op"]
[Site "Qingdao"]
[Date "2019.09.27"]
[Round "9"]
[White "Ma, Ling"]
[Black "Sun, Yidi"]
[Result "1/2-1/2"]
[WhiteElo "2210"]
[BlackElo "2115"]
[PlyCount "70"]
[EventDate "2019.09.19"]
[EventType "swiss"]
[EventRounds "9"]
[EventCountry "CHN"]
[SourceTitle "EXT 2020"]
[Source "ChessBase"]
[SourceDate "2019.10.17"]
[SourceVersion "1"]
[SourceVersionDate "2019.10.17"]
[SourceQuality "1"]

1. d4 d5 2. c4 c6 3. cxd5 cxd5 4. Bf4 Nc6 5. e3 Nf6 6. Nc3 Bf5 7. Nf3 e6 8. Qb3 Bb4 9. Bb5 0-0 10. Bxc6 Bxc3+ 11. Qxc3 Rc8 12. Ne5 Ng4 13. Nxg4 Bxg4 14. Qb4 Rxc6 15. Qxb7 Qc8 16. Qxc8 Rfxc8 17. 0-0 a5 18. b3 Bf5 19. f3 h5 20. h4 f6 21. Rf2 Kf7 22. Rb2 Bd3 23. Bg3 g5 24. Rd1 Rc1 25. Rxc1 Rxc1+ 26. Kh2 Bb5 27. a4 Bd3 28. b4 axb4 29. Rxb4 Ra1 30. Rb3 Ba6 31. Rb4 Ra2 32. Kg1 Ra1+ 33. Kh2 Ra2 34. Kg1 Ra1+ 35. Kh2 Ra2 1/2-1/2

[Event "SCO op"]
[Site "Qingdao"]
[Date "2019.09.21"]
[Round "3"]
[White "Peng, Hongchi"]
[Black "Sun, Yidi"]
[Result "1/2-1/2"]
[WhiteElo "2273"]
[BlackElo "2115"]
[PlyCount "76"]
[EventDate "2019.09.19"]
[EventType "swiss"]
[EventRounds "9"]
[EventCountry "CHN"]
[SourceTitle "EXT 2020"]
[Source "ChessBase"]
[SourceDate "2019.10.17"]
[SourceVersion "1"]
[SourceVersionDate "2019.10.17"]
[SourceQuality "1"]

1. e4 c5 2. Nf3 d6 3. d4 cxd4 4. Nxd4 Nf6 5. Nc3 g6 6. Be3 Bg7 7. f3 0-0 8. Qd2 Nc6 9. Bc4 Bd7 10. 0-0-0 Rc8 11. Bb3 Ne5 12. Kb1 Nc4 13. Bxc4 Rxc4 14. g4 b5 15. b3 b4 16. Nd5 Nxd5 17. exd5 Rc3 18. h4 Qa5 19. Bh6 Bxh6 20. Qxh6 f6 21. f4 Rfc8 22. f5 Rxc2 23. Nxc2 Rxc2 24. Kxc2 Qxa2+ 25. Kc1 g5 26. Rh3 Qa1+ 27. Kd2 Qb2+ 28. Ke1 Bb5 29. Re3 Qg2 30. Rdd3 Bxd3 31. Rxd3 Qg1+ 32. Kd2 Qf2+ 33. Kd1 Qg1+ 34. Ke2 Qg2+ 35. Ke3 Qg3+ 36. Kd2 Qf2+ 37. Kc1 Qc5+ 38. Kd2 Qf2+ 1/2-1/2

[Event "CHN-chTB"]
[Site "Harbin"]
[Date "2019.07.25"]
[Round "8.3"]
[White "Xu, Zhihang"]
[Black "Sun, Yidi"]
[Result "1/2-1/2"]
[WhiteElo "2501"]
[BlackElo "2212"]
[PlyCount "86"]
[EventDate "2019.07.20"]
[EventType "team-swiss"]
[EventRounds "11"]
[EventCountry "CHN"]
[SourceTitle "CBM 191 Extra"]
[Source "ChessBase"]
[SourceDate "2019.09.30"]
[SourceVersion "1"]
[SourceVersionDate "2019.09.30"]
[SourceQuality "1"]
[WhiteTeam "Qingdao Qingwei"]
[BlackTeam "Hangzhou Weiqi School"]
[WhiteTeamCountry "CHN"]
[BlackTeamCountry "CHN"]

1. e4 c5 2. Nf3 d6 3. Bb5+ Bd7 4. Bxd7+ Nxd7 5. 0-0 Ngf6 6. Qe2 Rc8 7. Re1 a6 8. h3 Qc7 9. d3 g6 10. c3 Bg7 11. d4 cxd4 12. cxd4 e5 13. Nc3 0-0 14. Bg5 Rfe8 15. Qd2 Nb6 16. Rac1 Qb8 17. b3 exd4 18. Nxd4 Nxe4 19. Rxe4 Rxe4 20. Nxe4 Rxc1+ 21. Qxc1 Bxd4 22. Qd2 Be5 23. f4 Bg7 24. Bf6 Nd7 25. Bxg7 Kxg7 26. Nxd6 b5 27. Qd5 Qf8 28. Qd4+ Kg8 29. Ne4 Qe7 30. b4 f5 31. Ng5 Nf6 32. a3 h6 33. Nf3 Kg7 34. Ne5 g5 35. Kh2 Qe6 36. Qa7+ Kg8 37. Qb8+ Kg7 38. Qc7+ Kg8 39. Nf3 g4 40. Nd4 g3+ 41. Kxg3 Qe1+ 42. Kh2 Ng4+ 43. hxg4 Qh4+ 1/2-1/2

[Event "CHN-chB"]
[Site "Hangzhou"]
[Date "2019.07.03"]
[Round "4"]
[White "Sun, Yidi"]
[Black "Xian, Junhao"]
[Result "1/2-1/2"]
[WhiteElo "2212"]
[BlackElo "2058"]
[PlyCount "116"]
[EventDate "2019.07.02"]
[EventType "swiss"]
[EventRounds "11"]
[EventCountry "CHN"]
[SourceTitle "CBM 191 Extra"]
[Source "ChessBase"]
[SourceDate "2019.09.30"]
[SourceVersion "1"]
[SourceVersionDate "2019.09.30"]
[SourceQuality "1"]

1. e4 c5 2. Nf3 e6 3. d4 cxd4 4. Nxd4 Nc6 5. Nc3 Qc7 6. Be3 a6 7. Qd2 Nf6 8. 0-0-0 Be7 9. f3 b5 10. g4 Nxd4 11. Qxd4 Bb7 12. Kb1 Rc8 13. Rc1 0-0 14. g5 Nh5 15. Ne2 f5 16. gxf6 Bxf6 17. Qd2 Be5 18. Bg2 Rf7 19. Bd4 Rcf8 20. Rcd1 h6 21. h4 Ng3 22. Nxg3 Bxg3 23. h5 d5 24. Be3 Bf4 25. a3 Bxe3 26. Qxe3 dxe4 27. fxe4 Rf2 28. Rd2 Qf4 29. Qxf4 R8xf4 30. Rxf2 Rxf2 31. Bh3 Kf7 32. Re1 Rf4 33. e5 Bd5 34. Bf1 Bf3 35. b3 Bxh5 36. c4 bxc4 37. bxc4 Bf3 38. c5 Bc6 39. Bxa6 Ra4 40. Rf1+ Ke7 41. Be2 Rxa3 42. Bh5 Be8 43. Bxe8 Kxe8 44. Rg1 Ra7 45. Kb2 g5 46. Kb3 Rg7 47. Ra1 Rc7 48. Kc4 g4 49. Rh1 g3 50. Rxh6 Rg7 51. Rxe6+ Kd7 52. Rd6+ Kc7 53. Rd1 g2 54. Rg1 Kc6 55. e6 Rg4+ 56. Kd3 Kxc5 57. e7 Rg8 58. Rxg2 Re8 1/2-1/2

[Event "CHN-chB"]
[Site "Jiangmen"]
[Date "2018.07.20"]
[Round "5"]
[White "Zou, Chen"]
[Black "Sun, Yidi"]
[Result "0-1"]
[WhiteElo "2411"]
[BlackElo "1997"]
[PlyCount "122"]
[EventDate "2018.07.18"]
[EventType "swiss"]
[EventRounds "11"]
[EventCountry "CHN"]
[SourceTitle "CBM 185 Extra"]
[Source "ChessBase"]
[SourceDate "2018.07.29"]
[SourceVersion "1"]
[SourceVersionDate "2018.07.29"]
[SourceQuality "1"]

1. e4 c5 2. Nf3 d6 3. Bb5+ Bd7 4. Bxd7+ Qxd7 5. c4 Qg4 6. 0-0 Qxe4 7. d4 cxd4 8. Nxd4 Nc6 9. Nb5 0-0-0 10. Be3 Kb8 11. Qe1 Qf5 12. N1a3 a6 13. Nd4 Nxd4 14. Bxd4 Nf6 15. Nb5 e5 16. Qa5 Rc8 17. Ba7+ Ka8 18. Be3 Kb8 19. Qb6 axb5 20. cxb5 Rc5 21. Bxc5 dxc5 22. Qa5 Qe6 23. b6 Nd7 24. Rad1 Qxb6 25. Qd2 Nf6 26. Rfe1 Be7 27. Qg5 Rd8 28. Qxg7 Rxd1 29. Rxd1 Qe6 30. b3 Kc7 31. Qg3 Bd6 32. Qc3 e4 33. Qa5+ Kc8 34. Qa8+ Bb8 35. Qa5 Nd7 36. Qc3 Be5 37. Qc1 f5 38. Qc2 Kb8 39. a3 Bd4 40. b4 Ne5 41. bxc5 Nd3 42. c6 Qxc6 43. Qxc6 bxc6 44. Kf1 Bxf2 45. Rb1+ Kc7 46. a4 c5 47. Ke2 c4 48. Kd2 Bd4 49. a5 Nf4 50. Rb4 e3+ 51. Kc2 e2 52. Rxc4+ Kb7 53. Rb4+ Ka6 54. Rb1 Nxg2 55. Kd3 e1Q 56. Rxe1 Nxe1+ 57. Kxd4 Nf3+ 58. Ke3 Nxh2 59. Kf4 Ng4 60. Kxf5 h5 61. Kg5 Nf6 0-1

[Event "CHN-chT"]
[Site "Hangzhou"]
[Date "2018.06.19"]
[Round "1.6"]
[White "Sun, Yidi"]
[Black "Liu, Guanchu"]
[Result "0-1"]
[WhiteElo "1934"]
[BlackElo "2445"]
[PlyCount "86"]
[EventDate "2018.06.19"]
[EventType "team-swiss"]
[EventRounds "9"]
[EventCountry "CHN"]
[SourceTitle "CBM 185 Extra"]
[Source "ChessBase"]
[SourceDate "2018.07.29"]
[SourceVersion "1"]
[SourceVersionDate "2018.07.29"]
[SourceQuality "1"]
[WhiteTeam "Hangzhou Chess School"]
[BlackTeam "Chengdu"]
[WhiteTeamCountry "CHN"]
[BlackTeamCountry "CHN"]

1. e4 e6 2. d4 d5 3. Nc3 Bb4 4. e5 Ne7 5. a3 Bxc3+ 6. bxc3 b6 7. Qg4 Ng6 8. h4 h5 9. Qg3 Ba6 10. Bxa6 Nxa6 11. Ne2 Qd7 12. Qd3 Qa4 13. Bg5 c5 14. 0-0 Rc8 15. f4 Qc4 16. Qxc4 dxc4 17. f5 exf5 18. Ng3 0-0 19. d5 Nxe5 20. Nxf5 Ng6 21. g4 hxg4 22. h5 Ne5 23. Ne7+ Kh7 24. Nxc8 Rxc8 25. Kg2 Nb8 26. Kg3 Nbd7 27. Bf4 f6 28. Rfe1 Kg8 29. Rad1 Kf7 30. Re4 Rh8 31. Bxe5 Nxe5 32. Rxe5 fxe5 33. Kxg4 Ke7 34. Kg5 Kd6 35. Rf1 e4 36. Rh1 Re8 37. h6 gxh6+ 38. Rxh6+ Kxd5 39. Kf4 Rf8+ 40. Ke3 Rf3+ 41. Kd2 e3+ 42. Kd1 Rf1+ 43. Ke2 Rc1 0-1